TOEIC TRAINING #1 - Statistiques

Statistiques générales
  • Ce quiz a été pris 407 fois
  • Le résultat moyen est 6 sur 20
Statistiques - réponses
Hint Réponse % Correct
Draw Tirage au sort
71%
Flavor Saveur, parfum
64%
To relocate Déménager
54%
Affordable Abordable
50%
Sample Échantillon
37%
Fabric Tissu
35%
Headquarters Siege Social
32%
Real estate Immobilier
30%
Landlord Propriétaire
25%
Supplies Provisions
25%
Drawer Tiroir
24%
Briefcase Malette
23%
Venue Lieu, salle
22%
Fundraising Collecte de fonds
20%
Ink cartridge Cartouche d’encre
19%
Facilities Equipement
14%
Outstanding Exceptionnel, mémorable
13%
Complimentary Gratuit, offert
6%
Stationery Fournitures de bureau
5%
To Itemize Détailler
4%
Aucun quiz correspondant
Distribution des résultats
% des personnes avec chaque résultat
Percentile par nombre de réponses
Votre historique - résultats
Vous n’avez pas pris ce quiz